UBT Library

Play it! : (Record no. 41051)

000 -LEADER
fixed length control field 00600cam a2200205 a 4500
001 - CONTROL NUMBER
control field 516299
005 - DATE AND TIME OF LATEST TRANSACTION
control field 20180126092727.0
008 - FIXED-LENGTH DATA ELEMENTS--GENERAL INFORMATION
fixed length control field 860602s1986 caua 001 0 eng
010 ## - LIBRARY OF CONGRESS CONTROL NUMBER
LC control number 86013208
020 ## - INTERNATIONAL STANDARD BOOK NUMBER
International Standard Book Number 031035191X (Zondervan Pub. House : pbk.) :
Terms of availability $6.95
040 ## - CATALOGING SOURCE
Original cataloging agency DLC
Transcribing agency DLC
Modifying agency DLC
041 ## - LANGUAGE CODE
Language code of text/sound track or separate title eng
080 ## - UNIVERSAL DECIMAL CLASSIFICATION NUMBER
Universal Decimal Classification number 790.15
082 00 - DEWEY DECIMAL CLASSIFICATION NUMBER
Classification number 790.15 RIC
Edition number 19
100 1# - Rafti
Rafti 46
101 ## - Shkurtesa
Shkurtesa EDU
245 10 - TITLE STATEMENT
Title Play it! :
Statement of responsibility, etc Wayne Rice and Mike Yaconelli ; illustrations by Dan Pegoda.
906 ## - LOCAL DATA ELEMENT F, LDF (RLIN)
a 7
b cbc
c orignew
d 1
e ocip
f 19
g y-gencatlg
942 ## - ADDED ENTRY ELEMENTS (KOHA)
Source of classification or shelving scheme
Item type Books
Holdings
Withdrawn status Lost status Source of classification or shelving scheme Damaged status Not for loan Collection code Permanent location Current location Shelving location Date acquired Total Checkouts Full call number Barcode Date last seen Price effective from Koha item type
          Koleksioni i përgjithshem UBT - Lipjan UBT - Lipjan Koleksioni i lëndeve mesimore 01/26/2018   790.15 RIC 002-2996470 01/26/2018 01/26/2018 Books
UBT Library © 2015-2024. All rights reserved University Education for Business and Technology